[Event "Maribor Pirc Memorial"]
[Site "Maribor"]
[Date "1993.??.??"]
[Round "?"]
[White "Kozul, Zdenko"]
[Black "Grosar, Aljosa"]
[Result "1-0"]
[WhiteElo "2550"]
[BlackElo "2480"]
[Annotator "Dautov,R"]
[PlyCount "79"]
[EventDate "1993.02.??"]
[EventType "tourn"]
[EventRounds "9"]
[EventCountry "SLO"]
[EventCategory "8"]
[SourceTitle "CBM 036"]
[Source "ChessBase"]
[SourceDate "1993.10.01"]
[SourceVersion "1"]
[SourceVersionDate "1993.10.01"]
[SourceQuality "1"]

1. d4 Nf6 2. Nf3 e6 3. c4 b6 4. a3 Bb7 5. Nc3 d5 6. cxd5 exd5 7. g3 Bd6 $5 8.
Qa4+ (8. Bg2 O-O 9. O-O Nbd7 $5 (9... Re8 10. Bg5 Nbd7 11. Nb5 h6 12. Nxd6 cxd6
13. Bxf6 Nxf6 14. Ne1 Qd7 15. Nd3 $14) 10. Nb5 Be7 11. Bf4 c6 12. Nd6 Bxd6 13.
Bxd6 Re8 14. Rc1 Ne4 15. Bf4 c5 $5 (15... Qe7 $10) 16. dxc5 bxc5 17. Nd2 Ndf6
18. Nxe4 Nxe4 19. Bxe4 Rxe4 20. Rxc5 Qb6 21. b4 Rae8 $44 {Dautov-Rozentalis/
Tbilisi/1989}) 8... c6 (8... Nbd7 $5 9. Bh3 O-O 10. Bg5 h6 11. Bxd7 hxg5 12.
Bc6 Bxc6 13. Qxc6 g4 14. Nd2 Qe8 $10) 9. Bg2 O-O 10. O-O Nbd7 11. Bg5 {N} (11.
Bf4 Qe7 12. Rad1 Rfe8 13. e3 Nf8 14. Rfe1 Ne6 15. Bxd6 Qxd6 16. b4 a5 17. Qb3
axb4 18. axb4 $14 {Lobron-Huebner/FRG-Cup f/1991}) 11... Re8 (11... h6 12. Bxf6
Nxf6 (12... Qxf6 13. e4 dxe4 14. Nxe4 Qe7 15. Rfe1 $14) 13. Ne5 c5 14. e3 $14)
12. Rad1 h6 13. Bc1 (13. Bxf6 Nxf6 14. b4 a5 $10) 13... Ne4 $6 (13... Qe7 $1
$10 14. Nh4 Qe6 15. Qc2 Ne4 16. Nxe4 dxe4 $15 {/\g5}) 14. Nxe4 dxe4 15. Ne5 $1
Qc7 (15... Bxe5 16. dxe5 Qe7 (16... Rxe5 17. Bxe4 Qe7 18. Bf3 Nc5 19. Qc2 $14 {
/\Bf4}) 17. Qxe4 Nxe5 18. f4 $5 Nd7 19. Qxe7 Rxe7 20. e4 c5 21. e5 Bxg2 22.
Kxg2 $14) 16. Ng4 Nf8 $6 (16... f5 17. Ne3 Rf8 18. Qb3+ Kh8 19. Bh3 (19. Nc4 $5
) 19... g6 (19... f4 $2 20. Nf5 fxg3 21. fxg3 $16) 20. Nc4 Kg7 (20... Kh7 $2
21. Qe3 g5 22. Bxf5+ Rxf5 23. Qxe4 Raf8 24. Ne3 c5 25. d5 $18) 21. f3 $14) (
16... c5 17. d5 f5 18. Ne3 Rf8 19. Bh3 g6 20. Nc4 $14) (16... h5 17. Ne3 Nf6 (
17... g6 18. Qc2 Nf6 19. Nc4 $14) 18. Nf5 Bf8 19. Bf4 (19. Bg5 Nd5 20. Qc2 c5
$13) 19... Qd7 20. Bh3 $36) 17. Qc2 c5 (17... Qe7 18. Ne3 Qe6 19. f3 exf3 20.
Bxf3 $16) 18. d5 Qe7 (18... f5 19. Ne3 Qf7 20. f3 $16) 19. Ne3 Rad8 20. Nf5 $16
Qe5 21. Bh3 $1 {/\Bf4} Ng6 (21... Qf6 22. f3 exf3 23. Rxf3 Qg6 24. e4 $16) 22.
b3 Bf8 (22... Qf6 23. f3 exf3 24. Rxf3 $16) 23. d6 $1 Qf6 (23... Bxd6 24. Bb2
Qe6 25. Nxh6+ $18) 24. d7 Re6 25. Ne3 Rd6 (25... Re7 26. Nd5 Bxd5 27. Rxd5 $16)
26. Rxd6 Qxd6 (26... Bxd6 27. Rd1 $16) 27. Rd1 Qe5 28. Bb2 Qg5 29. Bf5 Bc6 30.
Kf1 $1 {/\h4} Ne7 31. h4 Qh5 32. Bh3 {/\Rd6,Bg4} f5 (32... Qg6 33. Be5 f5 34.
Qc4+ Kh8 35. Rd6 $18) 33. Qc4+ $18 Qf7 (33... Kh8 34. Qe6 Bb5 35. Rd2 $18) 34.
Nxf5 Qxc4 35. bxc4 Nxf5 36. Bxf5 Be7 (36... Kf7 37. Be5 Ke7 38. Bd6+ Kf7 39.
Bc7 $18) 37. Be5 Rf8 38. Be6+ Kh7 39. Bd6 e3 40. f4 1-0

[Event "Kropotkin"]
[Site "Kropotkin"]
[Date "1995.??.??"]
[Round "6"]
[White "Lputian, Smbat G"]
[Black "Tiviakov, Sergei"]
[Result "0-1"]
[WhiteElo "2630"]
[BlackElo "2625"]
[Annotator "Dautov,R"]
[PlyCount "70"]
[EventDate "1995.04.??"]
[EventType "tourn"]
[EventRounds "7"]
[EventCountry "RUS"]
[EventCategory "14"]
[SourceTitle "CBM 047"]
[Source "ChessBase"]
[SourceDate "1995.08.01"]
[SourceVersion "1"]
[SourceVersionDate "1995.08.01"]
[SourceQuality "1"]

1. d4 Nf6 2. c4 e6 3. Nf3 b6 4. a3 Ba6 5. Qc2 Bb7 6. Nc3 c5 7. e4 cxd4 8. Nxd4
Nc6 9. Nxc6 Bxc6 10. Bf4 Bc5 11. Be2 O-O 12. O-O a5 13. Rad1 Qe7 14. e5 Nh5 15.
Bc1 {N} (15. Bxh5 Qh4 16. Qe2 Qxf4 17. g3 Qg5 18. Bf3 Bxf3 19. Qxf3 Qxe5 20.
Rxd7 Rad8 $10 {Khenkin,I-Adams,M/Burgas 1993}) 15... Qh4 16. Rd3 $6 (16. Bd3
Bxg2 (16... f5 $5) 17. Kxg2 Qg4+ 18. Kh1 Qf3+ $10) 16... Nf4 17. Rg3 (17. Bxf4
$2 Qxf4 $17 {><e5}) 17... f5 $1 (17... f6 $4 18. Rg4 Nxe2+ 19. Qxe2 Qh5 20.
Rxg7+ $18) (17... Nxe2+ $2 18. Qxe2 $16 {/\Bg5}) 18. exf6 $6 (18. Bf3 Bxf3 19.
Rxf3 Ng6 {><e5} 20. Qe2 Bd4 21. Rh3 Qg4 $17) (18. Rd1 Nxe2+ $1 (18... Nxg2 19.
Rxg2 (19. Bg5 $2 Bxf2+ 20. Kxf2 Qxh2 $17) 19... Bxg2 20. Kxg2 Qxf2+ 21. Kh1
Rac8 $5 (21... Bd4 22. Rf1 Qh4 23. Rf4 Qe1+ 24. Rf1 $10) 22. Qd3 $13) 19. Qxe2
f4 20. Rh3 Qg5 $17 (20... f3 $6 21. Qc2 $13)) 18... Rxf6 {<->f,/\Raf8->} 19.
Bxf4 (19. Rg4 $4 Bxf2+ 20. Rxf2 Nh3+ $19) 19... Rxf4 20. Na4 $2 (20. Rh3 $4
Bxf2+ 21. Kh1 Qxh3 $19) (20. b4 {>=} axb4 21. axb4 Bd4 (21... Bxb4 $2 22. Rh3)
22. Nd1 $15 {/\Ne3}) 20... Bd4 $17 {><f2} 21. Bf3 (21. Nc3 Raf8 22. Nd1 $17)
21... Bxf3 22. gxf3 Raf8 23. Kg2 Qf6 24. Qd3 Rh4 $1 $19 {/\Be5} 25. Nc3 Be5 26.
Ne4 (26. Qxd7 Bxg3 27. fxg3 Rxc4 $19) 26... Qf5 27. Kg1 Kh8 $1 {/\d5} (27...
Bxg3 $2 28. fxg3 Rh6 29. Qxd7 $15) 28. Rd1 (28. Qxd7 Bxg3 29. fxg3 (29. hxg3
Rh6 $19) 29... Rxe4 $19) (28. b3 d5 $1 29. cxd5 exd5 30. Qxd5 Bxg3 31. Qxf5
Bxh2+ 32. Kg2 Rxf5 $19) 28... Bxg3 29. fxg3 Rh6 30. f4 e5 31. Rf1 Qh3 32. Qe2
exf4 33. Rf2 (33. gxf4 Re8 $19) 33... Re6 34. Qf3 Qf5 35. Nc3 fxg3 0-1

[Event "Olympiad-32"]
[Site "Yerevan"]
[Date "1996.09.21"]
[Round "6.2"]
[White "Kozul, Zdenko"]
[Black "Dautov, Rustem"]
[Result "1/2-1/2"]
[WhiteElo "2605"]
[BlackElo "2615"]
[Annotator "Dautov,R"]
[PlyCount "52"]
[EventDate "1996.09.15"]
[EventType "team-swiss"]
[EventRounds "14"]
[EventCountry "ARM"]
[SourceTitle "CBM 055"]
[Source "ChessBase"]
[SourceDate "1996.12.01"]
[SourceVersion "1"]
[SourceVersionDate "1996.12.01"]
[SourceQuality "1"]
[WhiteTeam "Croatia"]
[BlackTeam "Germany"]
[WhiteTeamCountry "CRO"]
[BlackTeamCountry "GER"]

1. d4 Nf6 2. c4 e6 3. Nf3 b6 4. Nc3 Bb7 5. a3 d5 6. cxd5 Nxd5 7. e3 g6 8. Bb5+
c6 9. Nxd5 exd5 10. Bd3 Bg7 11. e4 dxe4 12. Bxe4 O-O 13. O-O Nd7 14. Bg5 Qc7 $1
$10 (14... Bf6 15. Bf4 Re8 16. Re1 Rc8 17. Rc1 Re6 18. Qa4 a5 19. Qb3 Qf8 20.
Re3 Rce8 21. Rce1 $14 {Zysk-Christiansen/BL 9293}) 15. Qd2 {N} (15. Rc1 Rfe8
16. Re1 c5 17. Qc2 Bxe4 18. Rxe4 Qb7 19. Rxe8+ Rxe8 20. dxc5 Nxc5 $10 {
Kramnik-Anand/Linares/1993}) 15... Rfe8 16. Rfe1 (16. Bf4 Qc8 17. Rfe1 Nf6 18.
Bd3 c5 19. Rxe8+ Qxe8 20. dxc5 Bxf3 21. gxf3 bxc5 $10) 16... Nf6 17. Bxf6 (17.
Bd3 $6 c5 $15) 17... Bxf6 18. Rac1 Rad8 (18... Re6 $2 19. d5 Rd6 20. dxc6 Bxc6
21. Qxd6 Qxd6 22. Rxc6 Qd8 23. Rxf6 $16) 19. b4 Qd7 20. Qc2 $1 Re6 (20... Bxd4
$2 21. Nxd4 Qxd4 22. b5 $16) 21. Ne5 $6 (21. Red1 Qe7 $15) (21. Rcd1 {/\Ne5}
Qe7 (21... Rd6 22. h3 $10) 22. Bd3 Rxe1+ (22... Bxd4 23. Rxe6 Qxe6 24. Bc4 Qf6
25. Bxf7+ Qxf7 26. Rxd4 Rxd4 27. Nxd4 c5 28. bxc5 Qd5 29. Qb3 bxc5 30. Qxd5+
Bxd5 $10) 23. Rxe1 Qd7 24. Be4 $10) 21... Bxe5 (21... Qxd4 22. Nxc6 Bxc6 23.
Bxc6 $10) (21... Qe7 22. Qc3 {/\f4+/=}) 22. dxe5 Rxe5 23. Red1 Qe7 24. Rxd8+
Qxd8 25. Bxc6 Bxc6 $2 (25... Qc7 $1 26. Be4 (26. b5 Rc5 27. Qb1 Bxc6 28. Rxc5
bxc5 29. bxc6 Qxc6 30. Qb8+ Kg7 31. Qxa7 Qe4 32. g3 c4 33. Qc5 h5 $17) (26. f4
Re6 27. b5 (27. Bxb7 $2 Re1+ $17) 27... Bxc6 28. bxc6 Qxf4 $17) 26... Qe7 27.
Bd3 Qg5 28. g3 Re8 $15 {/\Qd5,/\Rc8}) 26. Qxc6 $10 Qd2 1/2-1/2

[Event "Hoogovens"]
[Site "Wijk aan Zee"]
[Date "1993.01.??"]
[Round "2"]
[White "Akopian, Vladimir Eduardovic"]
[Black "Salov, Valery"]
[Result "1/2-1/2"]
[WhiteElo "2615"]
[BlackElo "2660"]
[Annotator "Dautov,R"]
[PlyCount "113"]
[EventDate "1993.01.??"]
[EventType "k.o."]
[EventRounds "5"]
[EventCountry "NED"]
[SourceTitle "CBM 034"]
[Source "ChessBase"]
[SourceDate "1993.06.01"]
[SourceVersion "1"]
[SourceVersionDate "1993.06.01"]
[SourceQuality "1"]

1. d4 Nf6 2. c4 e6 3. Nf3 b6 4. a3 Ba6 5. Qc2 Bb7 6. Nc3 c5 7. e4 cxd4 8. Nxd4
Bc5 9. Nb3 Nc6 10. Bf4 $1 (10. Bg5 Nd4 11. Nxd4 Bxd4 12. Bd3 Qb8 $10) (10. Bd3
d6 11. O-O O-O $10) 10... e5 (10... Be7 11. Be2 d6 12. Rd1 Qb8 13. c5 e5 14.
cxd6 exf4 15. dxe7 Nxe7 16. Bb5+ Kf8 17. O-O a6 18. Be2 g6 19. Bf3 Qe5 20. Nc1
Kg7 21. Nd3 Qc7 22. Qd2 Rad8 23. Qxf4 $16 {Kramnik,V-Psakhis,L EU-chT 1992})
11. Bg5 h6 12. Bh4 $14 d6 (12... O-O 13. Nxc5 $6 (13. f3 Be7 14. Bf2 $14 (14.
Rd1 Nh5 15. Bf2 Nf4 16. Qd2 d6 17. g3 Ne6 18. Bh3 a5 19. a4 Nc5 $15 {Agdestein,
S-Polugaevsky,L Reykjavik 1987}) (14. O-O-O $5)) 13... bxc5 14. Bd3 Nd4 15. Qd1
a5 16. O-O g5 17. Bg3 d6 18. Re1 Bc6 19. a4 Kh7 $15 {Christiansen,L-Seiravan,Y
USA-ch 1984}) 13. O-O-O O-O (13... a6 14. f3 Rc8 15. Kb1 Na5 16. Nxa5 (16. Nxc5
$1 bxc5 17. Nd5 $14) 16... bxa5 17. Bf2 Nd7 18. g3 Bxf2 19. Qxf2 Nc5 20. Bh3
Rb8 21. Qd2 Ke7 22. Qc2 Qb6 $10 {Gruenewald,J-Bischoff,K BL 8788}) 14. f3 (14.
Nd5 g5 15. Bg3 Nxd5 16. cxd5 Nd4 17. Nxd4 Bxd4 $13) 14... a5 15. Qd3 $1 $16 g5
(15... a4 16. Nxc5 dxc5 17. Qxd8 Rfxd8 18. Nd5 $16) 16. Be1 a4 17. Nxc5 dxc5
18. Qe3 $1 (18. Qxd8 Rfxd8 19. Rxd8+ Nxd8 20. Nd5 (20. h4 Ne6 21. hxg5 hxg5 22.
Nd5 Bxd5 23. cxd5 Nd4 $14) 20... Bxd5 (20... Nd7 21. h4 Ne6 $2 22. Ne7+ $16) (
20... Nxd5 21. exd5 f6 22. Bd3 Nf7 $14) 21. exd5 (21. cxd5 Nb7) 21... Nb7 22.
h4 Nd7 23. hxg5 hxg5 24. Bd3 Nd6 25. Bd2 f6 $14) 18... Nd4 19. h4 Nh7 20. hxg5
(20. Kb1 $5 $16 {/\hg5}) 20... Qxg5 (20... hxg5 21. Bd3 $16 {/\Nd5,Bc3,Rh5})
21. Bf2 (21. Bd2 Nb3+ 22. Kc2 Nxd2 23. Qxd2 Rfd8 24. Nd5 Bxd5 25. exd5 Qxd2+
26. Rxd2 Kg7 $14) 21... Kg7 22. Bd3 f6 23. Rh4 Qxe3+ 24. Bxe3 Ng5 25. Rdh1 Rh8
26. f4 (26. Nd5 $5 Bxd5 27. exd5 $16 {/\f4}) 26... exf4 27. Bxf4 Nde6 $1 28.
Bd2 Nf7 29. Bc2 $6 (29. Nd5 $1 Bxd5 (29... Ne5 30. Bxh6+ Kf7 31. Bf1 $16) 30.
exd5 Neg5 (30... Nd4 31. Bc3 Ne5 32. Kd2 Nb3+ 33. Kc2 $16) 31. Bc3 Ne5 32. Bf5
$16) 29... Bc6 30. Nd5 Bxd5 31. exd5 Nd4 32. Bd1 Ne5 $1 33. Bxh6+ Kf7 34. Bd2 (
34. Be3 Rxh4 35. Rxh4 Nf5 $10) 34... Rxh4 35. Rxh4 Nxc4 36. Bc3 Nd6 37. Bxd4
cxd4 (37... Nf5 $2 38. Rh7+ Kg6 39. Bc3 Kxh7 40. Bc2 Kg6 41. g4 $18) 38. Rxd4
b5 $14 39. Rd2 Rg8 40. Rc2 f5 41. Rc6 Ke7 42. Bf3 Rh8 43. Kc2 Rh4 44. b3 axb3+
45. Kxb3 Rd4 46. Ra6 Rc4 47. Ra5 Rd4 48. Ra6 Rc4 49. Rb6 Rd4 50. Rb8 Kf6 51.
Ra8 Ke5 52. Ra7 Rc4 53. Re7+ Kd4 54. Re1 Rc3+ $10 55. Kb4 Rc4+ 56. Kb3 Rc3+ 57.
Kb4 1/2-1/2

[Event "Olympiad-32"]
[Site "Yerevan"]
[Date "1996.09.26"]
[Round "10.2"]
[White "Cramling, Pia"]
[Black "Xu, Jun"]
[Result "1/2-1/2"]
[WhiteElo "2545"]
[BlackElo "2505"]
[Annotator "Dautov,R"]
[PlyCount "60"]
[EventDate "1996.09.15"]
[EventType "team-swiss"]
[EventRounds "14"]
[EventCountry "ARM"]
[SourceTitle "CBM 055"]
[Source "ChessBase"]
[SourceDate "1996.12.01"]
[SourceVersion "1"]
[SourceVersionDate "1996.12.01"]
[SourceQuality "1"]
[WhiteTeam "Sweden"]
[BlackTeam "China"]
[WhiteTeamCountry "SWE"]
[BlackTeamCountry "CHN"]

1. d4 Nf6 2. c4 e6 3. Nf3 b6 4. a3 Bb7 5. Nc3 d5 6. Qc2 c5 7. cxd5 cxd4 8. Qa4+
{N} (8. Nxd4 Nxd5 9. e4 Nxc3 10. Qxc3 Nd7 11. Be3 Rc8 12. Qd2 Be7 13. Rd1 a6
14. Be2 Ne5 15. O-O O-O $10 {Piket-Dautov/Nussloch/1996}) 8... Nbd7 (8... Qd7
$2 9. Nb5 Nxd5 10. Ne5 $18) 9. Nxd4 Nxd5 10. Nxd5 Bxd5 (10... exd5 $2 11. Bf4
Bc5 12. e3 $16) 11. e4 Bb7 12. Ba6 (12. Bb5 a6 13. Bc6 Bxc6 14. Nxc6 (14. Qxc6
Bc5 $10) 14... Nc5 15. Nxd8+ Nxa4 16. Nc6 $10) 12... Bxa6 13. Qxa6 Bc5 (13...
Nc5 $5 14. Qb5+ Qd7 $10) 14. Be3 (14. Nb5 $4 Bxf2+ 15. Kxf2 Nc5 $19) (14. Nb3
Qh4 15. Qe2 Bd6 $10) 14... O-O (14... Qh4 15. Qb7 Rb8 16. Qc6 $14) 15. O-O Nf6
16. Rad1 Qc8 $10 17. Qxc8 (17. Qd3 $6 Rd8 $15 {/\e5,/\Ne4}) 17... Raxc8 18. f3
a5 (18... Rfd8 19. b4 Bxd4 20. Bxd4 Kf8 $10) 19. Kf2 Rfd8 20. Nb5 (20. Nb3
Bxe3+ 21. Kxe3 Rxd1 22. Rxd1 Kf8 23. Rd6 Rc2 24. Rxb6 Rxb2 $10) 20... Rxd1 21.
Rxd1 Kf8 22. Ke2 Bxe3 23. Kxe3 Ke7 24. Nc3 Nd7 25. f4 h6 26. Rd2 Rc6 27. Ne2
Rc1 28. Rd4 Rc2 29. Rd2 Rc4 30. Rd4 Rc2 1/2-1/2

[Event "Julian Borowski 1st"]
[Site "Essen"]
[Date "1999.03.30"]
[Round "4"]
[White "Zvjaginsev, Vadim"]
[Black "Bischoff, Klaus"]
[Result "1-0"]
[WhiteElo "2658"]
[BlackElo "2521"]
[Annotator "Dautov,R"]
[PlyCount "69"]
[EventDate "1999.03.??"]
[EventType "tourn"]
[EventRounds "9"]
[EventCountry "GER"]
[EventCategory "14"]
[SourceTitle "CBM 071"]
[Source "ChessBase"]
[SourceDate "1999.08.01"]
[SourceVersion "1"]
[SourceVersionDate "1999.08.01"]
[SourceQuality "1"]

1. Nf3 Nf6 2. c4 b6 3. Nc3 e6 4. a3 c5 5. e3 g6 6. d4 Bg7 7. Be2 O-O 8. O-O Bb7
(8... d6 {scheint genauer zu sein, nach} 9. d5 (9. b4 Nbd7 $11) 9... exd5 10.
cxd5 Re8 {und Ba6 spart Schwarz gegenüber der Partie ein Tempo.}) 9. d5 exd5
10. cxd5 Re8 11. Ne1 $5 {Eine interessante Idee, Weiß baut die Bauernkette
f3+e4 auf, und der Springer findet einen guten Platz auf c2.} d6 12. f3 Ba6 13.
e4 Bxe2 14. Qxe2 a6 15. a4 Nbd7 $11 16. Nc2 Qc7 17. Be3 h5 18. Rac1 Nh7 19. Kh1
Ne5 20. Bg1 f5 $1 {Nach den ausführlichen Vorbereitungen kommt es nun zu einem
heftigen Nahkampf.} 21. exf5 gxf5 22. f4 Ng4 23. Qd3 Qd7 24. h3 Bxc3 {In der
Hoffnung, den eigenen Springern das stolze Feld e4 zu schenken. Aber Weiß
kommt dem Gegner nicht entgegen.} (24... Ngf6 25. Rce1 $14) 25. hxg4 $1 (25.
bxc3 $2 Ngf6 {><e4}) 25... Bxb2 {Schwarz hatte ein positionelles Springeropfer
im Stile Tals zur Verfügung.} (25... hxg4 $5 26. bxc3 Nf6 {/\Ne4,->}) (25...
Bg7 $5 26. g5 $1 Re4 $13 {war nicht von der Hand zu weisen. Dabei bliebe die
b-Linie geschlossen.}) 26. Rb1 Bg7 27. g5 $1 {Ein starker Zug, der schwarze
Springer bleibt in seinem Stall.} Re4 (27... b5 28. Ne3 Re4 29. axb5 axb5 30.
Qxb5 Qxb5 31. Rxb5 Rf8 32. Rb7 $14) 28. Rxb6 Rae8 $2 {Wahrscheinlich hat sich
Schwarz zu sehr auf seinen nächsten Zug verlassen. Zu einer unklaren Stellung
hätte} (28... Qxa4 $1 {geführt.}) 29. Qxa6 Nxg5 $1 30. Rxd6 $1 (30. fxg5 $2
Rh4+ 31. Bh2 Be5) 30... Qxa4 31. Ne3 $1 $16 {Einen solchen Zug kann man bei
der Berechnung leicht übersehen, der weißer Springer erreicht das Traumfeld f5.
} Nf7 (31... Rxf4 32. Qxa4 Rxa4 33. Nxf5 $16) 32. Nxf5 $1 (32. Qxa4 Rxa4 33.
Rc6 $16) 32... Nxd6 33. Qxd6 Kh7 {Es gab bereits keine ausreichende
Verteidigung mehr:} (33... Re1 34. Qg6 Qd7 (34... Qa1 35. d6 $1) 35. Rxe1 Rxe1
36. Kh2 Rc1 37. Bf2 {/\Bh4-f6} Rc4 38. d6 Rxf4 39. Nxg7 Qxg7 40. Qxg7+ Kxg7 41.
d7 Rf8 42. Bh4 $18) 34. Rf3 Qd1 35. Rg3 1-0

[Event "St Petersburg-ch"]
[Site "St Petersburg"]
[Date "1995.??.??"]
[Round "6"]
[White "Solozhenkin, Evgeniy"]
[Black "Aseev, Konstantin N"]
[Result "1/2-1/2"]
[WhiteElo "2480"]
[BlackElo "2530"]
[Annotator "Dautov,R"]
[PlyCount "34"]
[EventDate "1995.04.??"]
[EventType "tourn"]
[EventRounds "12"]
[EventCountry "RUS"]
[EventCategory "9"]
[SourceTitle "CBM 047"]
[Source "ChessBase"]
[SourceDate "1995.08.01"]
[SourceVersion "1"]
[SourceVersionDate "1995.08.01"]
[SourceQuality "1"]

1. d4 Nf6 2. c4 e6 3. Nf3 b6 4. Nc3 Bb7 5. a3 d5 6. Qc2 dxc4 7. e4 c5 8. d5
exd5 9. exd5 Bd6 {N} (9... Nxd5 $5 10. Bxc4 Be7 11. Qb3 Nxc3 12. Bxf7+ Kf8 13.
bxc3 Bxf3 14. gxf3 Nc6 $13) (9... a6 10. Bxc4 b5 11. Ba2 Be7 12. O-O O-O 13.
Bg5 Nbd7 14. Rad1 Qb6 15. Nh4 Rfe8 16. Nf5 Bd6 17. Nxd6 Qxd6 18. Bh4 $14 {
Sakaev-Veingold/Moscow olm/1994}) 10. Bxc4 Qe7+ $1 (10... O-O 11. O-O Nbd7 12.
Bg5 Re8 13. Bb5 Re7 14. Qa4 h6 15. Bh4 Qc7 16. Rfe1 Rxe1+ 17. Rxe1 a6 18. Bxd7
Nxd7 19. Qg4 Nf8 $10 {Cramling,P-Olafsson,H/Reykjavik zt (09) ;CBM 47 1995})
11. Be3 (11. Qe2 $6 Qxe2+ 12. Kxe2 a6 13. Bg5 Nbd7 14. Rad1 b5 15. Ba2 O-O-O
$15 {><d5}) 11... Ng4 12. O-O (12. Bb5+ Nd7 13. Bxd7+ (13. O-O Nxe3 14. fxe3
O-O 15. Bxd7 Qxd7 16. Ng5 g6 $15) 13... Qxd7 14. Qe4+ Be7 15. Bg5 O-O 16. Bxe7
Rfe8 17. O-O Rxe7 18. Qf4 Nf6 19. Rad1 Rae8 $15) (12. Qa4+ Nd7 13. Bb5 $6 Nxe3
14. fxe3 a6 15. Bxd7+ Qxd7 16. Qxd7+ Kxd7 $15) 12... Nxe3 13. Qa4+ Nd7 (13...
Bc6 $2 14. dxc6 Nxc4 15. Rfe1 Ne5 16. c7+ Nbd7 17. Nd5 Qe6 18. Nxe5 Bxe5 19.
Nxb6 $18) 14. Rfe1 O-O 15. Rxe3 Qd8 16. Ba6 (16. Ne4 Nf6 17. Nxd6 Qxd6 $15 {
/\a6,b5,><d5}) (16. Bb5 Nf6 17. Bc6 Qc7 $1 (17... Bxc6 $2 18. dxc6 Qc7 19. Rd1
Bf4 20. Red3 Rac8 21. Nd5 Nxd5 22. Rxd5 Bh6 23. Rd6 $16) 18. Ne4 Nxe4 19. Bxb7
(19. Qxe4 Bxc6 20. dxc6 Rac8 21. Ng5 g6 22. Qh4 (22. Rh3 Qxc6 23. Nxh7 Qxe4 24.
Nf6+ Kg7 25. Nxe4 Be5 $15) 22... h5 23. g4 $2 Bf4 24. Rh3 Qxc6 25. gxh5 Qf6 $17
) 19... Qxb7 20. Qxe4 h6 (20... Qd7 21. Ng5 f5 22. Qh4 h6 23. Ne6 Rf7 24. Rae1
$14) (20... g6 $5) 21. Nh4 (21. Rae1 Rad8 22. Nh4 g6 $10) 21... Qb8 {/\Re8,/\}
22. Nf5 Bxh2+ 23. Kh1 Bf4 $15) 16... Bxa6 17. Qxa6 Nf6 $10 (17... Nf6 18. Rae1
Bf4 (18... Qd7 19. Ne5 Bxe5 20. Rxe5 Rae8 21. Rxe8 Rxe8 $10) 19. Rd3 Re8 20.
Rxe8+ Qxe8 $10) 1/2-1/2

[Event "Madrid"]
[Site "Madrid"]
[Date "1995.??.??"]
[Round "5"]
[White "Illescas Cordoba, Miguel"]
[Black "Kortschnoj, Viktor Lvovich"]
[Result "0-1"]
[WhiteElo "2595"]
[BlackElo "2635"]
[Annotator "Dautov,R"]
[PlyCount "84"]
[EventDate "1995.05.??"]
[EventType "tourn"]
[EventRounds "9"]
[EventCountry "ESP"]
[EventCategory "16"]
[SourceTitle "CBM 047"]
[Source "ChessBase"]
[SourceDate "1995.08.01"]
[SourceVersion "1"]
[SourceVersionDate "1995.08.01"]
[SourceQuality "1"]

1. Nf3 Nf6 2. c4 e6 3. d4 b6 4. a3 Bb7 5. Nc3 d5 6. Bg5 Be7 7. Qa4+ c6 8. Bxf6
Bxf6 9. cxd5 exd5 10. g3 O-O 11. Bg2 Nd7 12. O-O Be7 13. Rfd1 f5 14. e3 Bd6 15.
Ne2 a5 16. Nf4 Qe7 17. Nd3 b5 18. Qc2 a4 19. Re1 Kh8 20. Qc3 {N} (20. Rac1 Nb6
21. Nfe5 Nc4 22. f4 $16 g5 23. Qe2 Rg8 24. Kf2 (24. Qh5 $5 Raf8 25. Nf3 g4 26.
Nfe5 {/\ h3+/- Kortchnoi,V}) 24... Raf8 25. Nf3 (25. Qh5 $5) 25... h6 26. Nfe5
Kh7 27. Kg1 $6 (27. Rh1 {/\ Bf3, h3, Rcg1-g2, Kg1, g4+/- Karpov}) 27... Qe8 28.
Qc2 Kh8 29. Nf2 $6 Rg7 30. Re2 Bc8 $13 {Karpov,An-Kortchnoi,V/Dortmund 1994})
20... Nb6 21. Nfe5 Nc4 22. f4 g5 23. Qc2 Rg8 24. Nxc4 $2 (24. Qe2 $142 $14)
24... bxc4 25. Ne5 Bxe5 26. fxe5 Bc8 27. Bf3 Be6 $15 {<->b,><b2} 28. Bd1 $2 (
28. Kh1 {>=} Rgb8 (28... h5 $5 {/\} 29. Bxh5 $2 g4) (28... Qf8 $5) 29. Bd1 Rb6
30. Qe2 (30. Qf2 c5 $15) 30... c5 $15 (30... Rab8 31. Ra2 Qb7 32. Qh5 $132))
28... f4 $17 29. Qf2 Qf8 $1 30. Bc2 (30. Kh1 {>=} Qh6 (30... fxg3 31. Qxg3 $13)
(30... Bf5 31. exf4 gxf4 32. Qxf4 Be4+ 33. Rxe4 dxe4 34. Bc2 $13) 31. exf4 Raf8
32. fxg5 Rxf2 33. gxh6 Rb8 34. Re2 Rxe2 35. Bxe2 Rxb2 36. Bd1 Bf5 37. Bxa4 c3
$17) 30... Qh6 31. Kh1 Raf8 32. Rg1 (32. Bxa4 fxg3 (32... Bf5 33. exf4 gxf4 34.
Qxf4 Be4+ 35. Rxe4 Rxf4 36. Rxf4 Rxg3 37. Raf1 $13) 33. Qxg3 g4 $1 {/\Rf3-h3,g3
} (33... Bf5 34. Rf1 Be4+ 35. Kg1 g4 36. Rf4 $16) 34. Rf1 (34. Bxc6 Rf3 35. Qg2
Rh3 $19) (34. Bd1 Bf5 $17) 34... Rf3 35. Rxf3 gxf3 36. Qf4 (36. Qxf3 Bg4 37.
Qf2 Rf8 $19) 36... Qg6 (36... Qxf4 37. exf4 Bh3 38. Bxc6 f2 39. Bxd5 $13) 37.
Qf6+ Qxf6 38. exf6 Rf8 39. Bxc6 Rxf6 $17) 32... Bg4 33. Raf1 (33. gxf4 gxf4 34.
e4 Qh5 35. Raf1 f3 36. Rg3 Bh3 $17) 33... f3 $19 34. Re1 Bh3 35. e4 (35. Bxa4
$142) 35... g4 36. exd5 cxd5 37. Bxa4 {/\e6} Qe6 38. Rc1 Bg2+ 39. Rxg2 fxg2+
40. Qxg2 Rf3 41. Re1 (41. Bd1 Rd3 42. Qf2 Qh6 $19) 41... Rgf8 42. Kg1 Qb6 (
42... Qb6 43. Rd1 Rd3 $19) 0-1